[Event "16th EUR-ch"]
[Site "Jerusalem ISR"]
[Date "2015.03.03"]
[Round "7"]
[White "Reshef, Omer"]
[Black "Jojua, Davit"]
[Result "0-1"]
[WhiteElo "2402"]
[BlackElo "2579"]
[EventDate "2015.02.24"]
[PlyCount "106"]

1.e4 c5 2.Nf3 d6 3.d4 cxd4 4.Nxd4 Nf6 5.Nc3 Nc6 6.f3 e5 7.Nb3 Be7 8.Be3 
O-O 9.Qd2 a5 10.Bb5 Be6 11.O-O Na7 12.Be2 Nc8 13.Qd3 a4 14.Nd2 Nb6 15.Qb5 
Nfd7 16.b4 Rc8 17.Nxa4 Nxa4 18.Qxa4 Bg5 19.Bxg5 Qxg5 20.f4 exf4 21.Nf3 Qd8
22.Nd4 Qb6 23.Rad1 Ne5 24.Qb5 Qa7 25.Kh1 Qxa2 26.Rxf4 Bc4 27.Bxc4 Qxc4 28.
Qxb7 Rb8 29.Qd5 Qxd5 30.exd5 Rxb4 31.Rf2 Rd8 32.Rfd2 Rc4 33.Kg1 g6 34.h3 
h5 35.Kf2 Nd7 36.Ne2 Nf6 37.Kf3 Re8 38.c3 Re5 39.Rd4 Rc8 40.c4 Rce8 41.Nc1
Ne4 42.g4 h4 43.Kg2 Ng5 44.R4d3 Rc8 45.Rc3 Kf8 46.Rd4 Re1 47.Rc2 Rb8 48.c5
dxc5 49.Rdc4 Re3 50.Ne2 Rbe8 51.Ng1 Rg3+ 52.Kh2 Re1 53.Rg2 Rxh3+ 0-1

[Event "16th EUR-ch"]
[Site "Jerusalem ISR"]
[Date "2015.03.03"]
[Round "7"]
[White "Hansen, Sune Berg"]
[Black "Erenberg, Ariel"]
[Result "1-0"]
[WhiteElo "2571"]
[BlackElo "2278"]
[EventDate "2015.02.24"]
[PlyCount "55"]

1.d4 d5 2.c4 c6 3.Nf3 Nf6 4.Nc3 dxc4 5.g3 b5 6.Bg2 Bb7 7.Ne5 Qc8 8.O-O 
Nbd7 9.e4 e6 10.f4 Qc7 11.Kh1 a6 12.Qe2 Be7 13.f5 Nxe5 14.dxe5 Qxe5 15.Bf4
Qc5 16.e5 Nd5 17.Ne4 Qb6 18.f6 gxf6 19.exf6 Bf8 20.Ng5 Nxf4 21.Rxf4 Qc5 
22.Nxe6 fxe6 23.Qxe6+ Kd8 24.Rd1+ Kc7 25.Rf5 Qb6 26.Qe5+ Bd6 27.Qxd6+ Kc8 
28.f7 1-0

[Event "16th EUR-ch"]
[Site "Jerusalem ISR"]
[Date "2015.03.03"]
[Round "7"]
[White "Soltanici, Ruslan"]
[Black "Kravtsiv, Martyn"]
[Result "0-1"]
[WhiteElo "2350"]
[BlackElo "2565"]
[EventDate "2015.02.24"]
[PlyCount "96"]

1.e4 e5 2.Nf3 Nc6 3.Bb5 Nf6 4.O-O Nxe4 5.Re1 Nd6 6.Nxe5 Be7 7.Bf1 Nxe5 8.
Rxe5 O-O 9.d4 Bf6 10.Re1 Re8 11.Rxe8+ Nxe8 12.c3 d5 13.Bf4 c6 14.Nd2 g6 
15.Qb3 Ng7 16.Re1 Qb6 17.Be5 Bxe5 18.Rxe5 Be6 19.Qxb6 axb6 20.a3 Nf5 21.f3
Nd6 22.Kf2 Kf8 23.g4 b5 24.Bd3 b6 25.h3 Bd7 26.Kg3 f6 27.Re2 c5 28.Nf1 
cxd4 29.cxd4 Ra4 30.Rc2 Rxd4 31.Rc3 f5 32.Nd2 b4 33.axb4 f4+ 34.Kf2 Bb5 
35.Ke2 Rxd3 36.Rxd3 Nf7 37.Nb3 Ne5 38.Nc1 g5 39.Kd2 Bxd3 40.Nxd3 Nxf3+ 41.
Ke2 Nd4+ 42.Kd2 Ke7 43.Nf2 Kd6 44.Nd3 Nf3+ 45.Kc3 d4+ 46.Kc2 Kd5 47.Nf2 
Ne5 48.b3 d3+ 0-1

[Event "16th EUR-ch"]
[Site "Jerusalem ISR"]
[Date "2015.03.03"]
[Round "7"]
[White "Melkumyan, Hrant"]
[Black "Kraus, Ohad"]
[Result "0-1"]
[WhiteElo "2673"]
[BlackElo "2190"]
[EventDate "2015.02.24"]
[PlyCount "86"]

1.d4 Nf6 2.c4 g6 3.Nf3 Bg7 4.g3 O-O 5.Bg2 d6 6.O-O Nbd7 7.Qc2 Re8 8.Rd1 c5
9.Nc3 a6 10.h3 Qc7 11.b3 b6 12.e4 cxd4 13.Nxd4 Bb7 14.a4 Rac8 15.Be3 Qb8 
16.Rac1 Qa8 17.Qb1 e6 18.Nde2 Bf8 19.g4 h6 20.Ng3 Qb8 21.Bd4 Bg7 22.Qb2 
Ba8 23.Qd2 Red8 24.Be3 Nc5 25.Rb1 Kh7 26.Bd4 Bc6 27.Qb2 Ne8 28.Bxg7 Nxg7 
29.h4 Qb7 30.h5 Qe7 31.Qd2 gxh5 32.gxh5 Qh4 33.Qe2 e5 34.Qf3 Nce6 35.Qxf7 
Be8 36.Qf3 Nf4 37.Qe3 Bxh5 38.Qxb6 Bxd1 39.Rxd1 Rb8 40.Qc7 Rxb3 41.Rc1 Qg5
42.Nce2 Rxg3 43.Nxg3 Ne6 0-1

[Event "16th EUR-ch"]
[Site "Jerusalem ISR"]
[Date "2015.03.03"]
[Round "7"]
[White "Nakar, Eylon"]
[Black "Riazantsev, Alexander"]
[Result "0-1"]
[WhiteElo "2435"]
[BlackElo "2688"]
[EventDate "2015.02.24"]
[PlyCount "100"]

1.e4 c6 2.d4 d5 3.Nd2 dxe4 4.Nxe4 Bf5 5.Ng3 Bg6 6.Nh3 e6 7.Nf4 Qh4 8.c3 
Nd7 9.Qf3 Ngf6 10.Nxg6 hxg6 11.Bd3 e5 12.Be3 exd4 13.Bxd4 O-O-O 14.O-O-O 
Bc5 15.Bc2 Qg5+ 16.Kb1 Bxd4 17.Rxd4 Ne5 18.Qf4 Qxf4 19.Rxf4 Rhe8 20.h3 b5 
21.Kc1 Nd5 22.Rd4 c5 23.Rd2 Nf4 24.Rhd1 c4 25.Rxd8+ Rxd8 26.Be4 Rxd1+ 27.
Kxd1 f5 28.Bc2 Nxg2 29.Ne2 Nf3 30.a4 a6 31.axb5 axb5 32.b3 Kc7 33.bxc4 
bxc4 34.Ba4 Kd6 35.Bb5 Kc5 36.Be8 g5 37.Bd7 g6 38.Be8 Ne5 39.Kd2 Kd5 40.
Ng1 Ke4 41.Bb5 Nf3+ 42.Nxf3 Kxf3 43.Bxc4 Kxf2 44.Bd5 Nf4 45.c4 g4 46.hxg4 
fxg4 47.Be4 g3 48.c5 Ne6 49.c6 g5 50.Kd3 Nc7 0-1

[Event "16th EUR-ch"]
[Site "Jerusalem ISR"]
[Date "2015.03.03"]
[Round "7"]
[White "Draskovic, Luka"]
[Black "Georgiev, Kiril"]
[Result "1-0"]
[WhiteElo "2432"]
[BlackElo "2623"]
[EventDate "2015.02.24"]
[PlyCount "141"]

1.e4 c5 2.Nf3 d6 3.d4 cxd4 4.Nxd4 Nf6 5.f3 e5 6.Nb3 Be6 7.c4 Nbd7 8.Be3 
Rc8 9.Na3 a6 10.Qd2 b5 11.cxb5 d5 12.bxa6 d4 13.Bg5 Be7 14.Qa5 O-O 15.Qxd8
Rfxd8 16.Bd3 Bxa3 17.bxa3 Bc4 18.Ke2 Bxd3+ 19.Kxd3 Rc3+ 20.Ke2 Rc6 21.a4 
Rxa6 22.a5 Nf8 23.Rhc1 Ne6 24.Bd2 Nd7 25.Rc4 Kf8 26.Rac1 Raa8 27.g3 g5 28.
Rb4 h5 29.Rb7 Ra6 30.Bb4+ Ke8 31.Kd3 g4 32.fxg4 hxg4 33.Rb5 Rda8 34.Nd2 
Kd8 35.a3 R8a7 36.Nc4 Rc6 37.Rf1 Ndc5+ 38.Ke2 Nd7 39.Nxe5 Nxe5 40.Rxe5 
Rc2+ 41.Kd3 Rxh2 42.Rc1 Rc7 43.Rxc7 Kxc7 44.Rb5 Rh8 45.Rb6 Rc8 46.Bd6+ Kd7
47.a6 Rc3+ 48.Kd2 Rc6 49.a7 Rxb6 50.a8=Q Rxd6 51.a4 Nc7 52.Qg8 Ke7 53.Qg5+
Ke8 54.Qxg4 Ne6 55.Qf5 Rb6 56.a5 Rb2+ 57.Kc1 Rb3 58.a6 Ke7 59.Qa5 Rc3+ 60.
Kb1 Nc7 61.Qe5+ Kf8 62.a7 Rc4 63.Qd6+ Kg7 64.Qxc7 Rxc7 65.a8=Q Rc3 66.Qd5 
Kg8 67.g4 Rf3 68.Qxd4 Rf4 69.Qd8+ Kh7 70.Qg5 Rf3 71.Kc2 1-0

[Event "16th EUR-ch"]
[Site "Jerusalem ISR"]
[Date "2015.03.03"]
[Round "7"]
[White "Pantsulaia, Levan"]
[Black "Murey, Jacob"]
[Result "1-0"]
[WhiteElo "2615"]
[BlackElo "2428"]
[EventDate "2015.02.24"]
[PlyCount "115"]

1.Nf3 f5 2.d3 Nf6 3.e4 d6 4.exf5 Bxf5 5.d4 Nbd7 6.Bd3 Bg4 7.h3 Bxf3 8.Qxf3
c6 9.Qe2 g6 10.O-O Bg7 11.Re1 Nb6 12.Nd2 Nbd5 13.Nf3 Nc7 14.Bd2 Qd7 15.Ng5
Kf8 16.f4 Re8 17.Qf2 e6 18.Re2 Ke7 19.Bb4 Nfd5 20.Ba3 Rhf8 21.g3 Nf6 22.d5
cxd5 23.Rae1 b6 24.Nxe6 Nxe6 25.Rxe6+ Kf7 26.f5 Kg8 27.Rxd6 Qc8 28.Rxe8 
Rxe8 29.fxg6 Qxh3 30.gxh7+ Nxh7 31.Rxd5 Nf6 32.Bg6 Rc8 33.Bf5 Qh6 34.Be6+ 
Kh8 35.Bxc8 Nxd5 36.c3 Ne3 37.Ba6 Ng4 38.Qe2 Qg6 39.Bd3 Qh5 40.Bd6 Bh6 41.
Bf4 Bxf4 42.gxf4 Qh4 43.Qe8+ Kg7 44.Qd7+ Kf8 45.Qf5+ Kg7 46.Qd7+ Kf8 47.
Qd6+ Kf7 48.Qd5+ Kg7 49.Qd4+ Kg8 50.Kf1 Kf7 51.a4 Ke6 52.Qe4+ Kd6 53.Qg6+ 
Nf6 54.Qg5 Qh1+ 55.Ke2 Nd5 56.Qe5+ Kd7 57.Bf5+ Kc6 58.Be4 1-0

[Event "16th EUR-ch"]
[Site "Jerusalem ISR"]
[Date "2015.03.03"]
[Round "7"]
[White "Petenyi, Tamas"]
[Black "Iordachescu, Viorel"]
[Result "0-1"]
[WhiteElo "2428"]
[BlackElo "2590"]
[EventDate "2015.02.24"]
[PlyCount "96"]

1.e4 e5 2.Nf3 Nc6 3.Bb5 a6 4.Ba4 Nf6 5.d3 d6 6.c3 g6 7.O-O Bg7 8.d4 O-O 9.
Bxc6 bxc6 10.Nbd2 Nd7 11.dxe5 Nxe5 12.Nxe5 Bxe5 13.Nf3 Bg7 14.Re1 Rb8 15.
Qc2 Bg4 16.Nd4 Bd7 17.Bf4 c5 18.Nf3 Bc6 19.Nd2 Qc8 20.f3 Qe6 21.Bg3 a5 22.
b3 a4 23.Rad1 Rb5 24.b4 a3 25.Nb3 Qc4 26.Rc1 Bh6 27.Nd2 Qe6 28.Rcd1 Rb7 
29.e5 d5 30.Nb3 Ba4 31.bxc5 Rfb8 32.Rb1 d4 33.cxd4 Bxb3 34.axb3 Rxb3 35.
Rbd1 Rb2 36.Qa4 Bd2 37.Qxa3 Bxe1 38.Rxe1 Ra2 39.Qd3 Rbb2 40.Qf1 Qd5 41.Re4
Rd2 42.e6 fxe6 43.Be5 Qb3 44.Re1 Qc2 45.Rb1 Rxg2+ 46.Kh1 Rxh2+ 47.Kg1 Qd2 
48.Rb8+ Kf7 0-1

[Event "16th EUR-ch"]
[Site "Jerusalem ISR"]
[Date "2015.03.03"]
[Round "7"]
[White "Kobo, Ori"]
[Black "Huzman, Alexander"]
[Result "0-1"]
[WhiteElo "2410"]
[BlackElo "2582"]
[EventDate "2015.02.24"]
[PlyCount "108"]

1.d4 Nf6 2.c4 e6 3.Nc3 Bb4 4.f3 d5 5.a3 Be7 6.e4 dxe4 7.fxe4 e5 8.d5 Bc5 
9.Nf3 Bg4 10.h3 Bxf3 11.Qxf3 Nbd7 12.Bd2 O-O 13.O-O-O Ne8 14.Kb1 a5 15.Bd3
Nd6 16.Rc1 a4 17.h4 c6 18.Qd1 Nb6 19.Qe2 Bd4 20.Nd1 Nd7 21.Bb4 Nc5 22.Ne3 
Nb3 23.c5 Nxc1 24.Rxc1 Bxe3 25.Qxe3 Ne8 26.h5 Nf6 27.h6 Ng4 28.Qg3 Nxh6 
29.Qxe5 Re8 30.Qh5 Qf6 31.Bc3 Qg6 32.Rh1 Ng4 33.Bd4 Qxh5 34.Rxh5 g6 35.Rh4
h5 36.d6 Re6 37.Rh1 b6 38.Rd1 bxc5 39.Bxc5 Ne5 40.Bc2 Nd7 41.Bb4 Kf8 42.
Bc3 Ke8 43.Rd4 c5 44.Rd5 f6 45.Bd3 Kd8 46.Ka2 Kc8 47.g3 Ra7 48.Kb1 Kb7 49.
b4 axb3 50.a4 Kb6 51.a5+ Rxa5 52.Bxa5+ Kxa5 53.Kb2 Kb6 54.Kxb3 Kc6 0-1

[Event "16th EUR-ch"]
[Site "Jerusalem ISR"]
[Date "2015.03.03"]
[Round "7"]
[White "Michalik, Peter"]
[Black "Deac, Bogdan-Daniel"]
[Result "1/2-1/2"]
[WhiteElo "2576"]
[BlackElo "2402"]
[EventDate "2015.02.24"]
[PlyCount "65"]

1.d4 Nf6 2.c4 e6 3.g3 d5 4.Nf3 dxc4 5.Bg2 Bb4+ 6.Bd2 a5 7.Qc2 Nc6 8.Qxc4 
Qd5 9.Qxd5 exd5 10.Nc3 Bd6 11.O-O h6 12.Nb5 Be6 13.Rfc1 Ke7 14.Ne5 Nxd4 
15.Nxd4 Bxe5 16.Bc3 Bd6 17.Nxe6 fxe6 18.e4 dxe4 19.Re1 Bb4 20.Bxf6+ gxf6 
21.Rxe4 c6 22.Bh3 e5 23.Rg4 Kf7 24.Rc4 Rhd8 25.a3 Bd6 26.Bf5 Bf8 27.Rac1 
Rd2 28.R1c2 Rad8 29.Kf1 Rxc2 30.Bxc2 Rd4 31.Bb3 Rxc4 32.Bxc4+ Kg6 33.a4 
1/2-1/2

[Event "16th EUR-ch"]
[Site "Jerusalem ISR"]
[Date "2015.03.03"]
[Round "7"]
[White "Usmanov, Vasily"]
[Black "Timofeev, Artyom"]
[Result "1/2-1/2"]
[WhiteElo "2414"]
[BlackElo "2564"]
[EventDate "2015.02.24"]
[PlyCount "140"]

1.Nf3 c5 2.c4 g6 3.e4 Nc6 4.d4 cxd4 5.Nxd4 Nf6 6.Nc3 Nxd4 7.Qxd4 d6 8.Be2 
Bg7 9.O-O O-O 10.Bg5 h6 11.Bc1 a5 12.Qd1 Bd7 13.Be3 a4 14.Qd2 Kh7 15.f3 
Qa5 16.Rac1 Be6 17.Nb5 Nd7 18.Qxa5 Rxa5 19.Nd4 Nc5 20.Rc2 Rc8 21.Nxe6 fxe6
22.Rd1 Raa8 23.g3 a3 24.b4 Na6 25.Rb1 Bb2 26.Bd2 Nb8 27.c5 Nc6 28.Bc3 Bxc3
29.Rxc3 Nd4 30.Kf2 b6 31.Rbc1 bxc5 32.bxc5 Rcb8 33.Ke3 Nxe2 34.Kxe2 Rb2+ 
35.R1c2 dxc5 36.Rxc5 Kg7 37.f4 Kf6 38.e5+ Kf5 39.Kf3 g5 40.g4+ Kg6 41.f5+ 
exf5 42.Rc6+ Kf7 43.gxf5 Ra4 44.Rxb2 axb2 45.Rb6 Rf4+ 46.Kg3 Rxf5 47.e6+ 
Kf6 48.Rxb2 Re5 49.Rf2+ Kg6 50.a4 Rxe6 51.a5 Ra6 52.Ra2 e5 53.Kf3 Kf5 54.
Ke3 g4 55.Rf2+ Kg5 56.Ra2 Kh4 57.Ke4 Kh3 58.Kxe5 g3 59.hxg3 Kxg3 60.Ra3+ 
Kg4 61.Ra4+ Kg3 62.Kf5 h5 63.Kg5 Kf3 64.Kxh5 Ke3 65.Kg5 Kd3 66.Kf5 Kc3 67.
Ke5 Kb3 68.Ra1 Kb4 69.Kd5 Rxa5+ 70.Rxa5 Kxa5 1/2-1/2

[Event "16th EUR-ch"]
[Site "Jerusalem ISR"]
[Date "2015.03.03"]
[Round "7"]
[White "Ben Artzi, Ido"]
[Black "Can, Emre"]
[Result "0-1"]
[WhiteElo "2408"]
[BlackElo "2555"]
[EventDate "2015.02.24"]
[PlyCount "94"]

1.d4 g6 2.e4 Bg7 3.Nc3 d6 4.Be3 a6 5.Qd2 Nd7 6.h4 h6 7.O-O-O b5 8.h5 g5 9.
Nge2 Bb7 10.Ng3 e6 11.f4 gxf4 12.Bxf4 Ngf6 13.Bd3 Qe7 14.Rhe1 Qf8 15.e5 
dxe5 16.dxe5 Nd5 17.Nxd5 Bxd5 18.Ne4 Nxe5 19.Nc3 Nxd3+ 20.Qxd3 Qb4 21.Bxc7
Bxc3 22.Qxc3 Qxc3 23.bxc3 Kd7 24.Be5 Rhg8 25.Rf1 f5 26.g3 Rg5 27.Rh1 Ke7 
28.Rh4 Rag8 29.Rdd4 Rxg3 30.Bxg3 Rxg3 31.Rd3 Rg2 32.a4 Kf6 33.axb5 axb5 
34.Rhh3 f4 35.Kd1 Bc4 36.Rd8 Ke7 37.Rh8 f3 38.Rh7+ Kd6 39.Rf7 f2 40.Rd3+ 
Ke5 41.Re3+ Kd5 42.Rd3+ Ke4 43.Rf6 Rg1+ 44.Kd2 f1=Q 45.Rxf1 Rxf1 46.Rd4+ 
Ke5 47.Re4+ Kd6 0-1

[Event "16th EUR-ch"]
[Site "Jerusalem ISR"]
[Date "2015.03.03"]
[Round "7"]
[White "Iovcov, Valerii"]
[Black "Babula, Vlastimil"]
[Result "0-1"]
[WhiteElo "2368"]
[BlackElo "2545"]
[EventDate "2015.02.24"]
[PlyCount "84"]

1.e4 c5 2.Nf3 e6 3.c4 Nc6 4.Nc3 Nd4 5.g3 Ne7 6.Bg2 Nec6 7.O-O Be7 8.d3 O-O
9.Nxd4 cxd4 10.Ne2 Rb8 11.e5 b5 12.b3 Qb6 13.Bb2 Bb7 14.cxb5 Qxb5 15.Bxd4 
Nxd4 16.Nxd4 Qxe5 17.Bxb7 Qxd4 18.Bg2 Rfc8 19.Rc1 Rc3 20.Rxc3 Qxc3 21.Qf3 
Bf6 22.Qf4 Rc8 23.Qd6 Qd4 24.Qa6 Rc2 25.b4 g6 26.b5 Be7 27.Qb7 Bc5 28.Qe4 
Rxa2 29.Bf3 Rb2 30.Bd1 d5 31.Qxd4 Bxd4 32.Kg2 Rxb5 33.Bc2 Rb2 34.Ba4 a5 
35.Kf3 h5 36.h4 Kf8 37.Bc6 Ke7 38.Ba4 Rb4 39.Bc2 a4 40.Rb1 Rxb1 41.Bxb1 
Kd6 42.Bc2 a3 0-1

[Event "16th EUR-ch"]
[Site "Jerusalem ISR"]
[Date "2015.03.03"]
[Round "7"]
[White "Golubov, Saveliy"]
[Black "Kovalev, Vladislav"]
[Result "0-1"]
[WhiteElo "2362"]
[BlackElo "2531"]
[EventDate "2015.02.24"]
[PlyCount "84"]

1.e4 c5 2.Nf3 Nc6 3.d4 cxd4 4.Nxd4 Nf6 5.Nc3 e5 6.Ndb5 d6 7.Bg5 a6 8.Na3 
b5 9.Nd5 Be7 10.Bxf6 Bxf6 11.c4 Nd4 12.cxb5 Bb7 13.Bc4 axb5 14.Nxb5 Bxd5 
15.exd5 Qa5+ 16.Nc3 Qb4 17.Bb3 O-O 18.O-O Rfb8 19.h3 g6 20.Ne4 Be7 21.Nd2 
Kg7 22.Nc4 Ra7 23.Re1 Rc7 24.Rc1 Nxb3 25.Qxb3 Qxb3 26.axb3 Rxb3 27.Ne3 
Rxc1 28.Rxc1 Bg5 29.Rc6 Bxe3 30.fxe3 Rxe3 31.Rxd6 Rb3 32.Kf2 Rxb2+ 33.Kf3 
f5 34.Rd7+ Kf6 35.Rxh7 e4+ 36.Kg3 Rd2 37.Rd7 g5 38.Rd6+ Ke5 39.Re6+ Kxd5 
40.Rg6 f4+ 41.Kh2 f3 42.Rxg5+ Kd4 0-1

[Event "16th EUR-ch"]
[Site "Jerusalem ISR"]
[Date "2015.03.03"]
[Round "7"]
[White "Zoler, Dan"]
[Black "Birnboim, Nathan"]
[Result "0-1"]
[WhiteElo "2527"]
[BlackElo "2347"]
[EventDate "2015.02.24"]
[PlyCount "84"]

1.Nf3 Nf6 2.c4 g6 3.Nc3 d5 4.cxd5 Nxd5 5.h4 Nf6 6.g3 Bg7 7.Bg2 O-O 8.O-O 
c5 9.d3 Nc6 10.Be3 Nd4 11.Rc1 Ng4 12.Bf4 Ne6 13.Bd2 Bd7 14.Ng5 Nxg5 15.
Bxg5 h6 16.Bf4 Bd4 17.Bxb7 Rb8 18.Bf3 Rxb2 19.Rc2 Rxc2 20.Qxc2 Kh8 21.Bd2 
Qc7 22.e3 Bg7 23.Rc1 Rc8 24.Bg2 Bf5 25.Ne4 c4 26.dxc4 Rb8 27.Qa4 Rb2 28.
Ba5 Qb8 29.c5 Nxf2 30.Nxf2 Rxf2 31.Rf1 Rxf1+ 32.Kxf1 Qxg3 33.Bd2 Bd3+ 34.
Kg1 f5 35.Qd1 Be4 36.Qe2 Be5 37.Be1 Qxg2+ 38.Qxg2 Bxg2 39.Kxg2 Bc7 40.e4 
h5 41.e5 Kg7 42.Bg3 e6 0-1

[Event "16th EUR-ch"]
[Site "Jerusalem ISR"]
[Date "2015.03.03"]
[Round "7"]
[White "Kudischewitsch, David"]
[Black "Rasulov, Vugar"]
[Result "0-1"]
[WhiteElo "2334"]
[BlackElo "2508"]
[EventDate "2015.02.24"]
[PlyCount "100"]

1.d4 Nf6 2.c4 c6 3.Nc3 d5 4.Nf3 dxc4 5.a4 Qa5 6.Bd2 Qf5 7.e3 Be6 8.Ne5 
Nbd7 9.Nxc4 Qg6 10.b3 Nd5 11.Rc1 Nb4 12.Ne4 Na2 13.Ra1 Qxe4 14.Rxa2 Bxc4 
15.bxc4 e5 16.f3 Qg6 17.Rb2 exd4 18.exd4 Bd6 19.Kf2 O-O 20.Rxb7 Rfd8 21.
Be3 Qf6 22.g3 Nc5 23.Rb2 Re8 24.Qc1 Ne6 25.Rd2 Rad8 26.Kg2 h5 27.c5 Bc7 
28.Bc4 Nxd4 29.Rxd4 Rxd4 30.Bxd4 Qxd4 31.Rd1 Qf6 32.Rd7 Re7 33.Rxe7 Qxe7 
34.Qc2 Kf8 35.Bb3 g6 36.Qc4 Be5 37.Bc2 h4 38.f4 Bb2 39.Be4 Qf6 40.Bf3 Bd4 
41.Be4 Kg7 42.Kf3 g5 43.Kg4 gxf4 44.gxf4 Bg1 45.h3 Be3 46.Bd3 Qa1 47.Bf1 
Qe1 48.Kf5 Qg3 49.Be2 Qg6+ 50.Ke5 f5 0-1

[Event "16th EUR-ch"]
[Site "Jerusalem ISR"]
[Date "2015.03.03"]
[Round "7"]
[White "Barnaure, Vlad-Victor"]
[Black "Mordechai, Hanan"]
[Result "1/2-1/2"]
[WhiteElo "2508"]
[BlackElo "2331"]
[EventDate "2015.02.24"]
[PlyCount "103"]

1.c4 Nf6 2.Nc3 g6 3.d4 Bg7 4.e4 d6 5.Nf3 O-O 6.h3 e5 7.d5 Nh5 8.g3 Na6 9.
Nh2 c6 10.Be2 Nf6 11.Ng4 Nc5 12.Nxf6+ Bxf6 13.b4 Na6 14.a3 cxd5 15.Nxd5 
Nc7 16.Nxf6+ Qxf6 17.Bb2 Rd8 18.h4 b6 19.Qd3 Ba6 20.O-O Rac8 21.Rac1 Ne6 
22.Rfd1 Bb7 23.Qe3 Qe7 24.Rd2 f5 25.exf5 gxf5 26.Bf3 f4 27.Qe2 Bxf3 28.
Qxf3 Rf8 29.Qd5 Rcd8 30.Kh2 fxg3+ 31.fxg3 Rf7 32.Rcc2 Rdf8 33.Rg2 Nc7 34.
Qe4 Ne8 35.c5 Nf6 36.Qf5 bxc5 37.bxc5 Rg7 38.cxd6 Qxd6 39.Rc8 Rxc8 40.
Qxc8+ Qf8 41.Qxf8+ Kxf8 42.Kh3 Nd7 43.Re2 Re7 44.g4 Kf7 45.Rc2 Nb6 46.Kg3 
Ke6 47.g5 Nd5 48.Re2 Kf5 49.Rf2+ Ke4 50.Re2+ Kf5 51.Rf2+ Ke4 52.Re2+ 
1/2-1/2

[Event "16th EUR-ch"]
[Site "Jerusalem ISR"]
[Date "2015.03.03"]
[Round "7"]
[White "Aharon, Ofir"]
[Black "Andersen, Mads"]
[Result "1/2-1/2"]
[WhiteElo "2311"]
[BlackElo "2494"]
[EventDate "2015.02.24"]
[PlyCount "59"]

1.e4 e6 2.d4 d5 3.Nd2 c5 4.exd5 Qxd5 5.dxc5 Nf6 6.Ngf3 Qxc5 7.Bd3 Nbd7 8.
Qe2 Qc7 9.O-O Nc5 10.Bb5+ Bd7 11.Bxd7+ Ncxd7 12.c4 Be7 13.b3 O-O 14.Bb2 
Rfd8 15.Rad1 a6 16.Ne5 Nxe5 17.Bxe5 Qa5 18.Nf3 Rac8 19.Nd4 Nd7 20.Bg3 Nf8 
21.Nf3 Ng6 22.h3 Bf6 23.Bd6 Qf5 24.Nh2 Be5 25.Bxe5 Nxe5 26.Ng4 Nxg4 27.
hxg4 Qf4 28.Rxd8+ Rxd8 29.Rd1 Rxd1+ 30.Qxd1 1/2-1/2

[Event "16th EUR-ch"]
[Site "Jerusalem ISR"]
[Date "2015.03.03"]
[Round "7"]
[White "Raznikov, Danny"]
[Black "Vasiliev, Olga"]
[Result "1-0"]
[WhiteElo "2494"]
[BlackElo "2296"]
[EventDate "2015.02.24"]
[PlyCount "57"]

1.d4 Nf6 2.c4 g6 3.g3 Bg7 4.Bg2 O-O 5.Nc3 d6 6.Nf3 Nc6 7.O-O a6 8.Bf4 Nh5 
9.Bg5 h6 10.Be3 g5 11.d5 Ne5 12.Nxe5 dxe5 13.Bc5 Nf6 14.e4 Ne8 15.Be3 e6 
16.Qb3 Qe7 17.c5 Nf6 18.Rad1 Ng4 19.d6 Qd7 20.Bc1 Rd8 21.Na4 Rb8 22.dxc7 
Qxc7 23.Rxd8+ Qxd8 24.Rd1 Qe7 25.Qb6 Nf6 26.c6 Ne8 27.Be3 Kh7 28.Bc5 Qf6 
29.Qa7 1-0

[Event "16th EUR-ch"]
[Site "Jerusalem ISR"]
[Date "2015.03.03"]
[Round "7"]
[White "Shevelev, Arkady"]
[Black "Neverov, Valeriy"]
[Result "0-1"]
[WhiteElo "2285"]
[BlackElo "2485"]
[EventDate "2015.02.24"]
[PlyCount "78"]

1.e4 c5 2.Nf3 d6 3.d4 cxd4 4.Nxd4 Nf6 5.Nc3 a6 6.Be2 e5 7.Nb3 Be7 8.O-O 
O-O 9.Kh1 Nbd7 10.f3 Nb6 11.a4 d5 12.a5 d4 13.Nb1 Nbd7 14.N1d2 b5 15.axb6 
Nxb6 16.Na5 Qc7 17.Ndc4 Nxc4 18.Nxc4 Be6 19.b3 a5 20.Ba3 Bb4 21.Bxb4 axb4 
22.Qd2 Qc5 23.Rfd1 Nd7 24.Qe1 Nb6 25.Nxb6 Qxb6 26.Rxa8 Rxa8 27.Ra1 Ra3 28.
Bd3 g6 29.Rd1 Bc8 30.h3 Ba6 31.Bxa6 Rxa6 32.f4 exf4 33.Qd2 Qc7 34.Qxb4 
Qxc2 35.Rxd4 Ra8 36.Rd2 Qc7 37.Qc4 Qb6 38.Qd5 Re8 39.e5 Qe3 0-1

[Event "16th EUR-ch"]
[Site "Jerusalem ISR"]
[Date "2015.03.03"]
[Round "7"]
[White "Kjartansson, Gudmundur"]
[Black "Gorodetzky, David"]
[Result "1-0"]
[WhiteElo "2484"]
[BlackElo "2210"]
[EventDate "2015.02.24"]
[PlyCount "101"]

1.Nf3 Nf6 2.c4 e6 3.Nc3 Nc6 4.d4 Bb4 5.Qc2 d6 6.Bg5 h6 7.Bd2 Qe7 8.a3 Bxc3
9.Bxc3 O-O 10.e4 e5 11.d5 Nb8 12.Be2 a5 13.b3 Nbd7 14.b4 Re8 15.O-O Nf8 
16.bxa5 Ng6 17.g3 Nd7 18.Bb4 Nc5 19.Bxc5 dxc5 20.Qc3 Ra6 21.Rfb1 Rf8 22.
Rb5 f5 23.exf5 Bxf5 24.Qe3 Raf6 25.Nd2 e4 26.f4 exf3 27.Qxe7 Nxe7 28.Bxf3 
b6 29.Re1 Nc8 30.axb6 cxb6 31.Rb3 Bd7 32.Kg2 Ba4 33.Rc3 Bd7 34.Ne4 R6f7 
35.Bh5 Re7 36.Rce3 Kh8 37.Bg6 Ba4 38.h4 Bc2 39.h5 Re5 40.Nxc5 Rxe3 41.Rxe3
Bxg6 42.Ne6 Nd6 43.Nxf8 Bf7 44.Ng6+ Kh7 45.Re7 Bg8 46.Ne5 Nxc4 47.Nxc4 
Bxd5+ 48.Kf2 Bxc4 49.Re4 Bd3 50.Rd4 Ba6 51.Rd6 1-0

[Event "16th EUR-ch"]
[Site "Jerusalem ISR"]
[Date "2015.03.03"]
[Round "7"]
[White "Bakalchuk, Johnatan"]
[Black "Ducarmon, Quinten"]
[Result "1/2-1/2"]
[WhiteElo "2272"]
[BlackElo "2482"]
[EventDate "2015.02.24"]
[PlyCount "58"]

1.e4 c5 2.Nf3 e6 3.b3 a6 4.Bb2 Nc6 5.c4 Qc7 6.Nc3 Nf6 7.Be2 Bd6 8.h3 b6 9.
O-O Bb7 10.Rc1 O-O 11.Re1 Nd4 12.d3 Nxf3+ 13.Bxf3 Be5 14.Na4 Bxb2 15.Nxb2 
e5 16.Qd2 d6 17.Nd1 Qe7 18.g3 Ne8 19.Bg2 Nc7 20.Ne3 Ne6 21.Nf5 Qd8 22.f4 
Kh8 23.Rf1 b5 24.Ne3 f6 25.f5 Nd4 26.g4 a5 27.Nc2 bxc4 28.bxc4 Bc6 29.Rb1 
Nxc2 1/2-1/2

[Event "16th EUR-ch"]
[Site "Jerusalem ISR"]
[Date "2015.03.03"]
[Round "7"]
[White "Batsiashvili, Nino"]
[Black "Drori, Saar"]
[Result "1-0"]
[WhiteElo "2475"]
[BlackElo "2173"]
[EventDate "2015.02.24"]
[PlyCount "67"]

1.d4 Nf6 2.c4 e6 3.Nc3 Bb4 4.Nf3 Bxc3+ 5.bxc3 d6 6.Qc2 b6 7.e4 Bb7 8.Bd3 
Nc6 9.O-O e5 10.Rb1 O-O 11.c5 Re8 12.d5 Ne7 13.c6 Bc8 14.Nh4 Ng6 15.Nxg6 
hxg6 16.Bg5 Qe7 17.h3 Qf8 18.Bxf6 gxf6 19.f4 Qg7 20.fxe5 fxe5 21.Rf3 Kf8 
22.Rbf1 Ke7 23.Rxf7+ Qxf7 24.Rxf7+ Kxf7 25.Qf2+ Kg7 26.Qg3 Rf8 27.Qg5 a5 
28.h4 Rf6 29.h5 Ba6 30.h6+ Kf7 31.Bxa6 Rxa6 32.Qg4 Rf4 33.Qe6+ Kf8 34.Qc8+
1-0

[Event "16th EUR-ch"]
[Site "Jerusalem ISR"]
[Date "2015.03.03"]
[Round "7"]
[White "Zisman, Philip"]
[Black "Battaglini, Gabriel"]
[Result "1/2-1/2"]
[WhiteElo "2238"]
[BlackElo "2460"]
[EventDate "2015.02.24"]
[PlyCount "41"]

1.Nf3 Nf6 2.c4 c5 3.Nc3 e6 4.g3 b6 5.Bg2 Bb7 6.b3 d6 7.Bb2 Nbd7 8.O-O a6 
9.a3 Rc8 10.e3 Be7 11.d4 Qc7 12.Qe2 O-O 13.Nd2 Bxg2 14.Kxg2 Qb7+ 15.Qf3 d5
16.g4 cxd4 17.exd4 h6 18.h4 g5 19.hxg5 hxg5 20.Rh1 Kg7 21.Kf1 1/2-1/2

[Event "16th EUR-ch"]
[Site "Jerusalem ISR"]
[Date "2015.03.03"]
[Round "7"]
[White "Schnabel, Ralf"]
[Black "Makhmutov, Rail"]
[Result "1-0"]
[WhiteElo "2223"]
[BlackElo "2448"]
[EventDate "2015.02.24"]
[PlyCount "53"]

1.e4 d6 2.d4 Nf6 3.Nc3 c6 4.f4 Qa5 5.Bd3 e5 6.Nf3 exd4 7.Nxd4 g6 8.Nb3 Qc7
9.O-O Bg7 10.Qe1 O-O 11.Qh4 b5 12.a3 a6 13.f5 Nbd7 14.Bg5 c5 15.Nd2 Bb7 
16.Rf2 c4 17.Be2 Qb6 18.Rf1 gxf5 19.Kh1 Nxe4 20.Ndxe4 fxe4 21.Bh6 Bxh6 22.
Qxh6 d5 23.Qh3 Qd6 24.Qg4+ Qg6 25.Qxd7 Bc6 26.Qh3 Qg7 27.Rf6 1-0

[Event "16th EUR-ch"]
[Site "Jerusalem ISR"]
[Date "2015.03.03"]
[Round "7"]
[White "Forster, Richard"]
[Black "Zlotogorski, Itay"]
[Result "1-0"]
[WhiteElo "2446"]
[BlackElo "2033"]
[EventDate "2015.02.24"]
[PlyCount "63"]

1.e4 e5 2.Nc3 Nf6 3.g3 d5 4.exd5 Nxd5 5.Bg2 Nxc3 6.bxc3 Bc5 7.Nf3 Nc6 8.
O-O O-O 9.Re1 f6 10.d3 Qd6 11.d4 Bb6 12.a4 Qd8 13.Qd3 a5 14.Ba3 Re8 15.
Rad1 Bg4 16.Qc4+ Be6 17.Qb5 e4 18.Rxe4 Bf7 19.Rxe8+ Qxe8 20.Re1 Qd7 21.Nd2
Re8 22.Re3 Rxe3 23.fxe3 Qe6 24.Kf2 Qa2 25.Qb2 Qe6 26.c4 Qf5+ 27.Kg1 Nb4 
28.c5 Ba7 29.Bxb4 axb4 30.Qxb4 Qxc2 31.Qxb7 g6 32.Nf1 1-0

[Event "16th EUR-ch"]
[Site "Jerusalem ISR"]
[Date "2015.03.03"]
[Round "7"]
[White "Iliaguev, Nisim"]
[Black "Kantsler, Boris"]
[Result "0-1"]
[WhiteElo "1926"]
[BlackElo "2435"]
[EventDate "2015.02.24"]
[PlyCount "78"]

1.e4 c5 2.Nf3 e6 3.Nc3 a6 4.d4 cxd4 5.Nxd4 Qc7 6.Bd3 Nf6 7.O-O d6 8.Be3 b5
9.a3 Bb7 10.f4 Nbd7 11.Nb3 Be7 12.Kh1 O-O 13.Qe2 Rac8 14.Rae1 Nc5 15.e5 
dxe5 16.Nxc5 Bxc5 17.Bxc5 Qxc5 18.fxe5 Ne8 19.Qg4 Qe7 20.Ne4 Bxe4 21.Qxe4 
g6 22.Re3 Rc5 23.Qg4 Ng7 24.Qf4 Nf5 25.Rh3 h5 26.Re1 Kg7 27.c3 Rd8 28.Bxf5
exf5 29.Rg3 Rxe5 30.Rf1 h4 31.Rgf3 Re4 32.Qc1 Re2 33.c4 bxc4 34.Qxc4 Rdd2 
35.Rg1 Rxb2 36.Qxa6 Qg5 37.Qd6 Rxg2 38.Qe5+ Kh7 39.Rgf1 Rge2 0-1

[Event "16th EUR-ch"]
[Site "Jerusalem ISR"]
[Date "2015.03.03"]
[Round "7"]
[White "Indjic, Aleksandar"]
[Black "Adar, Idan"]
[Result "1-0"]
[WhiteElo "2546"]
[BlackElo "1912"]
[EventDate "2015.02.24"]
[PlyCount "67"]

1.Nf3 Nf6 2.d4 c5 3.c3 d5 4.g3 Nc6 5.Bg2 Bf5 6.Qb3 Qc8 7.Bg5 c4 8.Qd1 Ne4 
9.Nbd2 Bh3 10.Bxh3 Qxh3 11.Nxe4 dxe4 12.Nd2 Qg2 13.Rf1 O-O-O 14.Qa4 h6 15.
Be3 e6 16.h4 Qh3 17.Nxe4 Qf5 18.Nd2 g5 19.hxg5 hxg5 20.Qxc4 Kb8 21.O-O-O 
Be7 22.Qd3 Qa5 23.Kb1 b5 24.Rh1 b4 25.Rxh8 Rxh8 26.Nb3 Qa4 27.c4 Rd8 28.d5
Na5 29.Nxa5 Qxa5 30.Qe4 Rd6 31.c5 b3 32.cxd6 Qxa2+ 33.Kc1 Qa1+ 34.Qb1 1-0